00297 a2200109 450000500170000002000220001708200150003910000170005424500370007126000500010830000290015820250629122427.0 a978-81-261-5490-6 a657.48 SUM aSUMAN, K . S aHandbook of Financial Accounting aNew DelhibAnmol Publications PVT. Ltdc2013. aviii,304p.bIndex c24cm